00351pab a2200133 454500008004000000100001700040245006300057260000900120300001300129362001100142650001500153650001500168773003400183180718b2015 xxu||||| |||| 00| 0 eng d aSen, Arunava aThe contribution of John Nash to game theory and economics c2015 ap.75-80. a28 Nov aEconomics  aNash, John aEconomic and Political Weekly